TEACHING LIBRARY SKILLS IN SCHOOLS (Record no. 208575)

MARC details
000 -LEADER
fixed length control field 00406nam a22001337a 4500
008 - FIXED-LENGTH DATA ELEMENTS--GENERAL INFORMATION
fixed length control field 231206b |||||||| |||| 00| 0 eng d
020 ## - INTERNATIONAL STANDARD BOOK NUMBER
International Standard Book Number 0-85633-171-6
100 ## - MAIN ENTRY--PERSONAL NAME
Personal name HERRING, JAMES E.
245 ## - TITLE STATEMENT
Title TEACHING LIBRARY SKILLS IN SCHOOLS
300 ## - PHYSICAL DESCRIPTION
Extent 96P.
500 ## - GENERAL NOTE
General note INCLUDES BIBLIOGRAPHICAL REFERENCES AND INDEX
650 ## - SUBJECT ADDED ENTRY
Topical term or geographic name entry element School libraries; Library orientation for school children
942 ## - ADDED ENTRY ELEMENTS (KOHA)
Source of classification or shelving scheme Library of Congress Classification
Koha item type Long Loan Book
Holdings
Withdrawn status Lost status Source of classification or shelving scheme Damaged status Not for loan Collection Home library Current library Date acquired Inventory number Total checkouts Full call number Barcode Date last seen Date last checked out Copy number Price effective from Koha item type
    Library of Congress Classification     Science & Technology Kisii University Library Kisii University Library 12/06/2023 15321 1 Z675 .S3 H47 1985 000000003528 12/03/2025 11/20/2025 1 12/06/2023 Long Loan Book